000 01060cam a2200217 4500
001 ABS65202
008 020226n2002 000 0 eng u
035 _a(Sirsi) u116856
100 _aSherwill, R.
245 _aSystem overhaul
260 _c2002
490 _aEstates Gazette
_v(0203) 19 January 2002, 116-117(2)
520 _aAssesses the progress of government overhaul of the rating appeal process, proposed in 1999. It involved a system of forward programming, a more structured approach to appeals and greater openness. The former appeal system was slow, over-complicated and inefficient, but new proposals set out to speed up the process by prioritising appeals by grouping them by property type and locality. It also aims to inform ratepayers in advance when it will consider an appeal. Target dates have also been introduced to speed up decisions.
590 _aABS
650 _aVALUATION TRIBUNALS
650 _aVALUATION OFFICE
650 _aRATING APPEALS
650 _aAPPEALS
690 _aRATING AND LOCAL TAXATION
942 _n0
999 _c69598
_d69598